Erste Fußballligen Europas - Statistiken

Allgemein
  • Dieses Quiz wurde 136 mal gespielt
  • Das Durchschnittsergebnis liegt bei 11 aus 55
Antwortstatistiken
# Nationalverband Name der Liga % Korrekt
4 Deutschland Bundesliga
99%
11 Österreich Bundesliga
99%
2 Spanien LaLiga
97%
3 Italien Serie A
93%
1 England Premier League
92%
36 Malta Premier League
92%
5 Frankreich Ligue 1
89%
8 Türkei Süper Lig
62%
7 Niederlande Eredivisie
54%
6 Portugal Liga Portugal
32%
14 Schweiz Super League
28%
9 Belgien Jupiler Pro League
23%
10 Russland Premier Liga
20%
15 Ukraine Premier Liga
20%
28 Kasachstan Premier Liga
20%
21 Rumänien SuperLiga
20%
42 Moldawien Super Liga
20%
13 Schottland Premiership
18%
43 Nordirland Premiership
18%
17 Polen Ekstraklasa
16%
50 Andorra Primera Divisió
15%
22 Schweden Allsvenskan
13%
20 Tschechien Fortuna Liga
7%
29 Slowakei Fortuna Liga
7%
23 Norwegen Eliteserien
5%
48 Irland Premier Division
2%
33 Bosnien und Herzegowina Premijer Liga
2%
18 Dänemark Superligaen
2%
35 Finnland Veikkausliiga
2%
39 Lettland Virsliga
2%
40 Litauen A Lyga
1%
53 Färöer-Inseln Betri-deildin
1%
31 Slowenien Prva Liga
1%
37 Nordmazedonien Prva liga
1%
38 Albanien Abissnet Superirore
0%
45 Kosovo Albi Mall Superliga
0%
41 Armenien Bardsragujn chumb
0%
49 Island Besta deild
0%
46 Luxemburg BGL Liiga
0%
34 Georgien Crystalbet Erovnuli Liga
0%
54 San Marino C. Sammarinese
0%
51 Wales Cymru Premier
0%
24 Bulgarien efbet Liga
0%
52 Gibraltar Gibraltar Football League
0%
55 Malta Gozo League
0%
26 Israel Ligat ha'Al
0%
44 Montenegro Meridianbet 1. CFL
0%
27 Ungarn NB I.
0%
47 Estland Premium Liiga
0%
30 Aserbaidschan Premyer Liga
0%
25 Zypern Protathlima Cyta
0%
12 Griechenland Super League 1
0%
19 Serbien Super liga Srbije
0%
16 Kroatien SuperSport HNL
0%
32 Belarus Vysheyshaya Liga
0%
Keine übereinstimmenden Quizze gefunden
Verteilung der Resultate
Anzahl Personen mit jedem Resultat
Perzentil nach korrekt beantworteten Fragen
Ihre Resultats-Entwicklung
Sie haben dieses Quiz noch nicht gespielt